WWF Royal Rumble 1999 Entrants Quiz - Statistics

General Stats
  • This quiz has been taken 446 times
  • The average score is 19 of 30
Answer Stats
EN Answer EL % Correct
1 "Stone Cold" Steve Austin 29
98%
18 Kane 16
90%
23 Triple H 25
89%
5 Edge 8
87%
2 Vince McMahon W
84%
20 Billy Gunn 18
82%
25 X-Pac 20
78%
30 Chyna 23
77%
28 D'Lo Brown 27
74%
12 Road Dogg 12
74%
22 Big Boss Man 28
71%
26 Mark Henry 22
71%
29 Owen Hart 26
71%
19 Ken Shamrock 17
69%
13 Gangrel 10
67%
11 Mabel 9
66%
21 Test 19
65%
17 The Godfather 14
62%
16 Goldust 15
60%
24 Val Venis 24
60%
8 Steve Blackman 3
57%
27 Jeff Jarrett 21
54%
15 Al Snow 11
53%
4 Droz 7
48%
3 Golga 1
45%
14 Kurrgan 13
41%
6 Gillberg 2
39%
7 Dan Severn 4
35%
10 The Blue Meanie 6
34%
9 Tiger Ali Singh 5
33%
No matching quizzes found
Score Distribution
Percent of People with Each Score
Percentile by Number Answered
Your Score History
You have not taken this quiz